The seven business crises : (Record no. 129300)

MARC details
000 -LEADER
fixed length control field 00717nam a22002417a 4500
005 - DATE AND TIME OF LATEST TRANSACTION
control field 20170124110054.0
010 ## - LIBRARY OF CONGRESS CONTROL NUMBER
LC control number A-735301
020 ## - INTERNATIONAL STANDARD BOOK NUMBER
Terms of availability 00.00
International Standard Book Number 0074623214
035 ## - SYSTEM CONTROL NUMBER
System control number A-735301
037 ## - SOURCE OF ACQUISITION
Source of stock number/acquisition Cen Lib/Ret
040 ## - CATALOGING SOURCE
Original cataloging agency DPL
Language of cataloging EN
082 ## - DEWEY DECIMAL CLASSIFICATION NUMBER
Classification number 658
Item number PAT
100 ## - MAIN ENTRY--PERSONAL NAME
Personal name Patel, V.G.
9 (RLIN) 25967
245 ## - TITLE STATEMENT
Title The seven business crises :
Statement of responsibility, etc by V.G. Patel
Remainder of title how to beat them /
260 ## - PUBLICATION, DISTRIBUTION, ETC. (IMPRINT)
Place of publication, distribution, etc New Delhi
Name of publisher, distributor, etc Tata McGraw-Hill publishing
Date of publication, distribution, etc 1995
270 ## - ADDRESS
Address 412,Asaf Ali Road
City New Delhi
Postal code 110002
300 ## - PHYSICAL DESCRIPTION
Extent xiv,218p.
Dimensions 20cm(Hb)
500 ## - GENERAL NOTE
General note Includes index
650 ## - SUBJECT ADDED ENTRY--TOPICAL TERM
Topical term or geographic name as entry element Business Planning
9 (RLIN) 22790
650 ## - SUBJECT ADDED ENTRY--TOPICAL TERM
Topical term or geographic name as entry element Business Planning- management
9 (RLIN) 25968
700 ## - ADDED ENTRY--PERSONAL NAME
9 (RLIN) 25905
942 ## - ADDED ENTRY ELEMENTS (KOHA)
Source of classification or shelving scheme Dewey Decimal Classification
Koha item type English Books
Classification part 658
Call number suffix PAT
Holdings
Withdrawn status Lost status Damaged status Not for loan Home library Current library Date acquired Source of acquisition Cost, normal purchase price Total Checkouts Full call number Barcode Date last seen Copy number Cost, replacement price Price effective from Koha item type
        Central Library Central Library 06/07/2015 Cen Lib/Ret 0.00   658 PAT A-735301 06/07/2015 1 0.00 06/07/2015 English Books

© Delhi Public Library
Hit Counter
free hit counter